Letter from the Acting Secretary of the Navy, submitting a report as to rates of pay for certain inspection and clerical service in the Navy as compared with pay of similar service in business of civil life.

Bibliographic Details
Corporate Authors: United States. Congress. House. Committee on Expenditures in the Navy Department, ProQuest (Firm)
Format: eBook
Language:English
Published: Washington : [publisher not identified], 1909.
Series:United States congressional serial set.
Subjects:
Online Access:Connect to the full text of this electronic book

MARC

Tag First Indicator Second Indicator Subfields
LEADER 00000cam a22000001a 4500
001 in00003025607
005 20190402182555.0
006 m o d
007 cr un mmmapmmp
008 070611s1909 dcud o f000 0 eng d
035 |a cis2004137113 
040 |a UMI  |c UMI  |d UtOrBLW 
043 |a n-us--- 
099 |a ProQuest Serial Set Number 5835 H.doc.273 
110 1 |a United States.  |b Congress.  |b House.  |b Committee on Expenditures in the Navy Department. 
245 1 0 |a Letter from the Acting Secretary of the Navy, submitting a report as to rates of pay for certain inspection and clerical service in the Navy as compared with pay of similar service in business of civil life. 
246 1 |a Report on compensation for clerical, inspection, and messenger service in navy-yards 
264 1 |a Washington :  |b [publisher not identified],  |c 1909. 
300 |a 1 online resource. 
336 |a text  |b txt  |2 rdacontent 
337 |a computer  |b c  |2 rdamedia 
338 |a online resource  |b cr  |2 rdacarrier 
490 0 |a H.doc.273 
500 |a Record is based on bibliographic data in ProQuest U.S. Serial Set Digital Collection (last viewed June 2007). Reuse except for individual research requires license from ProQuest, LLC. 
510 3 |a ProQuest U.S. Serial Set Digital Collection 
500 |a Electronic resource. 
610 1 0 |a United States.  |b Navy  |x Pay, allowances, etc. 
650 0 |a Clerks. 
650 0 |a Navy-yards and naval stations. 
655 7 |a Electronic books.  |2 local 
710 2 |a ProQuest (Firm) 
830 0 |a United States congressional serial set. 
856 4 0 |u http://proxy.library.tamu.edu/login?url=http://congressional.proquest.com/congcomp/getdoc?SERIAL-SET-ID=5835+H.doc.273  |z Connect to the full text of this electronic book  |t 0 
999 |a MARS 
999 f f |s 47bdad2d-ddc9-33d7-9684-a82802320b93  |i 1d8923ce-e082-36b0-bd67-ba1fb72c7126  |t 0 
952 f f |a Texas A&M University  |b College Station  |c Electronic Resources  |d Available Online  |t 0  |e ProQuest Serial Set Number 5835 H.doc.273  |h Other scheme 
998 f f |a ProQuest Serial Set Number 5835 H.doc.273  |t 0  |l Available Online